Anatomía Humana. Descriptiva, topográfica y funcional. (Registro nro. 855)

Detalles MARC
000 -LEADER
fixed length control field 01487nam a2200349 a 4500
005 - FECHA ULTIMA MODIFICACION
control field 20240528111823.0
008 - CAMPO DE CONTROL (LIBRO)
fixed length control field 101001s1991||||sp il. f |||| 001 0 spa d
020 ## - INTERNATIONAL STANDARD BOOK NUMBER
ISBN 8431104058
041 ## - CODIGO DE IDIOMA
Código de idioma del texto/pista de sonido o título separado spa
092 ## - SIGNATURA TOPOGRAFICA DEWEY LOCAL
número de clasificación 611
libristica 75
sección ROU
100 1# - ENTRADA PRINCIPAL--NOMBRE PERSONAL
Nombre personal Rouviere, Henri
9 (RLIN) 74
245 ## - TITULO PROPIAMENTE DICHO
Título Anatomía Humana. Descriptiva, topográfica y funcional.
Subtítulo y Título paralelo T.3 Miembros - Sistema Nervioso Central /
Mención de responsabilidad y remanente de la transcripción de la portada H. Rouviere.
250 ## - MENCION DE EDICION
Mención de edición 8a ed. en español
Mención de responsabilidad relacionada con la ed. Traducción E. Acosta Vidrio
260 ## - PIE DE IMPRENTA
Lugar de publicación, distribución, etc Barcelona:
Nombre de la editorial, distribuidor, etc Barcelona;
Fecha de publicación 1991.
300 ## - DESCRIPCION FISICA
Extension 767 p.
Otros detalles físicos il.
500 ## - NOTA GENERAL
Nota general Rouviere, H. y Delmas, A. (1991). Anatomía Humana. Descriptiva, topográfica y funcional. T.3 Miembros - Sistema Nervioso Central. (8a ed.). Barcelona : Masson.
590 ## - NOTAS LOCALES (RLIN)
Nota local Donación Mayo 2011
653 ## - TÉRMINO INDIZADO - PALABRAS CLAVES
Palabra clave Anatomía descriptiva del miembro superior
653 ## - TÉRMINO INDIZADO - PALABRAS CLAVES
Palabra clave Anatomía topográfica del miembro superior
653 ## - TÉRMINO INDIZADO - PALABRAS CLAVES
Palabra clave Anatomía funcional del miembro superior
653 ## - TÉRMINO INDIZADO - PALABRAS CLAVES
Palabra clave Territorios de inervación funcional del miembro superior
653 ## - TÉRMINO INDIZADO - PALABRAS CLAVES
Palabra clave Anatomía descriptiva del miembro inferior
653 ## - TÉRMINO INDIZADO - PALABRAS CLAVES
Palabra clave Anatomía topográfica del miembro inferior
653 ## - TÉRMINO INDIZADO - PALABRAS CLAVES
Palabra clave Anatomía funcional del miembro inferior
653 ## - TÉRMINO INDIZADO - PALABRAS CLAVES
Palabra clave Territorios de inervación funcional del miembro inferior
653 ## - TÉRMINO INDIZADO - PALABRAS CLAVES
Palabra clave Sistema Nervioso Central Cerebroespinal
653 ## - TÉRMINO INDIZADO - PALABRAS CLAVES
Palabra clave Sistema Nervioso Central de la vida vegetativa u orgánica
653 ## - TÉRMINO INDIZADO - PALABRAS CLAVES
Palabra clave Meninges. Vasos del neuroeje
700 1# - ENTRADAS SECUNDARIAS - NOMBRE PERSONAL
Nombre personal Delmas, André
9 (RLIN) 75
930 ## - NUMERO DE INVENTARIO
Número de inventario 2307
942 ## - ADDED ENTRY ELEMENTS (KOHA)
Source of classification or shelving scheme Dewey Decimal Classification
Item type Libros
Existencias
Estado de retiro Existencia Fuente de clasificación Estado general No para prestamo Ubicación permanente ubicación actual Sala de ubicación Fecha de adquisición Total Checkouts Número de clasificación Código de barras Date last seen Date last borrowed Número de ejemplar Price effective from Koha tipo de elemento (item) Public note Coded location qualifier
    Dewey Decimal Classification     Biblioteca Medicina Biblioteca Medicina Circulación 01/07/2011 60 611 75 ROU 2307 16/10/2024 09/10/2024 ej.2 01/07/2011 Libros Hemeroteca 2022  

UNIVERSIDAD NACIONAL DEL COMAHUE
Biblioteca de la Facultad de Ciencias Médicas
Sede Toschi: Los Arrayanes y Av. Toschi, Cipolletti  - Rio Negro
Sede Los Tordos:  Yrigoyen al 2211, Cipolletti - Rio Negro 

Teléfono: 0299 - 4774707 int 25
Contacto: biblioteca@facimed.uncoma.edu.ar
© 2011 - 2026